|
|
|
|
| LEADER |
00000nam a22000007a 4500 |
| 005 |
20210512005126.0 |
| 007 |
cr|||| |||| |
| 008 |
210512s2015 co |||||s|||| 00||0 spa d |
| 020 |
|
|
|a 978-958-762-445-8
|
| 035 |
|
|
|a 33409
|
| 040 |
|
|
|a vLex
|
| 090 |
|
|
|c 11645
|d 11645
|
| 100 |
1 |
|
|a Quin̨̤ez Rizo, Edgar
|
| 245 |
1 |
0 |
|a Responsabilidad ambiental empresarial
|h [Recurso electrn̤ico] :
|b Creando valor desde los departamentos de gestin̤ ambiental /
|c Edgar Quin̨̤ez Rizo
|
| 256 |
|
|
|a Servicio en ln̕ea
|
| 260 |
|
|
|a Bogot:̀
|b Ediciones de la U,
|c 2015
|
| 300 |
|
|
|a 1 recurso electrn̤ico
|
| 500 |
|
|
|a Se ha identificado de primera mano, las necesidades en el manejo gerencial de los departamentos de gestin̤ ambiental DGA o unidades administrativas ambientales destinadas a la gestin̤ ambiental al interior de las empresas. Es necesario fortalecer las competencias gerenciales para un departamento ambiental que involucra la capacidad de integrar el desempeǫ ambiental, los planes estratǧicos de las organizaciones, desarrollar habilidades de comunicacin̤ y su integracin̤ con las dems̀ r̀eas de la organizacin̤.
|
| 506 |
1 |
|
|a Disponible solo en los productos indicados
|d vLex Global
|d vLex Global (Academic Edition, excluding Law Schools)
|d vLex Global (U.S. Academic Edition, Law Schools)
|d vLex Global (U.S. Academic Edition, excluding Law Schools)
|d vLex Global (Academic Edition, Law Schools)
|
| 650 |
0 |
4 |
|a Derecho del Medio Ambiente
|z Colombia
|
| 740 |
0 |
|
|a vLex Libros (Servicio en ln̕ea)
|
| 856 |
0 |
4 |
|u https://vlex.com/source/responsabilidad-ambiental-empresarial-creando-valor-desde-los-departamentos-de-gestion-ambiental-33409
|z Acceso restringido
|
| 942 |
|
|
|c BOOK
|
| 999 |
0 |
|
|a Environmental Law
|